[Event "Titled Tuesday 2024.07.30 Late"]
[Site "chess.com INT"]
[Date "2024.07.30"]
[Round "3"]
[White "Aravindh, Chithambaram VR."]
[Black "Mendes, Aaron Reeve"]
[Result "1-0"]
[WhiteElo "2703"]
[BlackElo "2312"]
[PlyCount "133"]
[GameId "2130307540700508"]
[EventDate "2024.07.30"]
[EventType "swiss (blitz)"]
[EventRounds "11"]
[EventCountry "NET"]
[SourceTitle "The Week in Chess 1552"]
[Source "Mark Crowther"]
[SourceDate "2024.08.05"]
[SourceVersion "1"]
[SourceVersionDate "2024.08.05"]
[SourceQuality "2"]

1. d4 d5 2. Nf3 c5 3. dxc5 e6 4. e4 Bxc5 5. exd5 exd5 6. Bb5+ Nc6 7. O-O Nge7 8. h3 O-O 9. Nc3 d4 10. Ne4 Bb6 11. Re1 Qd5 12. Bd3 Bf5 13. Bg5 Ng6 14. a3 Rfe8 15. Ng3 Bxd3 16. Rxe8+ Rxe8 17. cxd3 Bc7 18. Ne4 h6 19. Bd2 Nce5 20. Nxe5 Qxe5 21. Ng3 Qb5 22. Qc2 Bxg3 23. fxg3 Re2 24. Re1 Rxe1+ 25. Bxe1 Ne5 26. Qc8+ Kh7 27. Qf5+ g6 28. Qf6 Qd5 29. Bf2 h5 30. b4 b5 31. Qh4 Nxd3 32. Bxd4 Ne1 33. Kf2 Nd3+ 34. Ke3 Ne1 35. Kd2 Nxg2 36. Qf6 Qa2+ 37. Kd1 Qb3+ 38. Ke2 Qc2+ 39. Kf1 Ne3+ 40. Bxe3 Qd3+ 41. Kf2 Qc2+ 42. Kg1 Qd1+ 43. Qf1 Qb3 44. Qf2 Qc4 45. Kg2 Qe6 46. h4 Qd5+ 47. Kh2 Qc4 48. Bd4 Qe6 49. Qf6 Qe2+ 50. Kg1 Qe1+ 51. Kg2 Qe2+ 52. Qf2 Qe4+ 53. Kh2 Qe6 54. Bxa7 Qb3 55. Bd4 Qc4 56. Be5 f5 57. Bf4 Kg7 58. Qd2 Kf6 59. Qd6+ Kf7 60. Qd7+ Kf6 61. Bg5+ Ke5 62. Qe7+ Kd4 63. Qe3+ Kd5 64. Qc5+ Qxc5 65. bxc5 Kxc5 66. Kg2 Kc4 67. Be7 1-0

[Event "Titled Tuesday 2024.07.30 Late"]
[Site "chess.com INT"]
[Date "2024.07.30"]
[Round "4"]
[White "Mendes, Aaron Reeve"]
[Black "Rajaram, Rohan"]
[Result "1-0"]
[WhiteElo "2312"]
[BlackElo "2129"]
[PlyCount "71"]
[GameId "2130307540704723"]
[EventDate "2024.07.30"]
[EventType "swiss (blitz)"]
[EventRounds "11"]
[EventCountry "NET"]
[SourceTitle "The Week in Chess 1552"]
[Source "Mark Crowther"]
[SourceDate "2024.08.05"]
[SourceVersion "1"]
[SourceVersionDate "2024.08.05"]
[SourceQuality "2"]

1. e4 e5 2. Nf3 Nc6 3. d4 exd4 4. Nxd4 d6 5. Bb5 Bd7 6. Bxc6 bxc6 7. c4 Nf6 8. Nc3 Be7 9. O-O O-O 10. Re1 Re8 11. b3 c5 12. Nc2 c6 13. Bb2 Bg4 14. f3 Bh5 15. Ne3 Bg6 16. Qd2 Qd7 17. Rad1 Rad8 18. h4 h5 19. Ne2 Nh7 20. g3 Bf6 21. Nf4 Nf8 22. Bxf6 gxf6 23. Qc3 Qe7 24. Nf5 Qe5 25. Qxe5 dxe5 26. Nd3 Bxf5 27. exf5 Nd7 28. Nf2 Kg7 29. Rd6 Nb6 30. Red1 Rxd6 31. Rxd6 e4 32. Nxe4 Re5 33. Rxc6 Rxf5 34. Kg2 Nd7 35. Rc7 Ne5 36. f4 1-0

[Event "Titled Tuesday 2024.07.30 Late"]
[Site "chess.com INT"]
[Date "2024.07.30"]
[Round "5"]
[White "Mendes, Aaron Reeve"]
[Black "Nilsen, Tobias Lang"]
[Result "0-1"]
[WhiteElo "2312"]
[BlackElo "2203"]
[PlyCount "80"]
[GameId "2130307540708884"]
[EventDate "2024.07.30"]
[EventType "swiss (blitz)"]
[EventRounds "11"]
[EventCountry "NET"]
[SourceTitle "The Week in Chess 1552"]
[Source "Mark Crowther"]
[SourceDate "2024.08.05"]
[SourceVersion "1"]
[SourceVersionDate "2024.08.05"]
[SourceQuality "2"]

1. e4 e6 2. Nf3 d5 3. Nc3 d4 4. Ne2 c5 5. c3 Nf6 6. e5 Nfd7 7. cxd4 cxd4 8. Nexd4 Nxe5 9. Qa4+ Nec6 10. Nxc6 Nxc6 11. Bb5 Bd7 12. O-O a6 13. Bxc6 Bxc6 14. Qg4 Qf6 15. d4 h5 16. Qg3 h4 17. Qg4 h3 18. Bg5 Qg6 19. Ne5 Qe4 20. Qxe4 Bxe4 21. f3 Bd5 22. Be3 hxg2 23. Kxg2 Bd6 24. Bf4 g5 25. Bg3 Ke7 26. Rfc1 Rac8 27. Nxf7 Kxf7 28. Bxd6 g4 29. Be5 gxf3+ 30. Kf2 Rhg8 31. Ke3 Rxc1 32. Rxc1 Rg2 33. Rc7+ Kg8 34. h4 Re2+ 35. Kf4 f2 36. Rc8+ Kf7 37. Rc7+ Ke8 38. Rc1 Re1 39. Rc8+ Kd7 40. Rc7+ Kd8 0-1

[Event "Titled Tuesday 2024.07.30 Late"]
[Site "chess.com INT"]
[Date "2024.07.30"]
[Round "6"]
[White "Matlak, Oleksandr"]
[Black "Mendes, Aaron Reeve"]
[Result "0-1"]
[WhiteElo "2235"]
[BlackElo "2312"]
[PlyCount "180"]
[GameId "2130307540713055"]
[EventDate "2024.07.30"]
[EventType "swiss (blitz)"]
[EventRounds "11"]
[EventCountry "NET"]
[SourceTitle "The Week in Chess 1552"]
[Source "Mark Crowther"]
[SourceDate "2024.08.05"]
[SourceVersion "1"]
[SourceVersionDate "2024.08.05"]
[SourceQuality "2"]

1. c4 c6 2. Nf3 d5 3. g3 Nf6 4. Bg2 dxc4 5. a4 Bf5 6. O-O e6 7. Ne5 Qd4 8. Nf3 Qd6 9. Na3 Qb4 10. Ne5 Qb3 11. Naxc4 Qxd1 12. Rxd1 Nbd7 13. d3 Nxe5 14. Nxe5 Bd6 15. Nc4 Bc7 16. a5 a6 17. Be3 O-O 18. Bb6 Bxb6 19. Nxb6 Rad8 20. b4 Nd5 21. Nxd5 exd5 22. d4 Rfe8 23. e3 Be4 24. Rac1 g5 25. f3 Bg6 26. Kf2 Re6 27. Rc3 h5 28. h4 f6 29. Rh1 Kg7 30. Bf1 Rde8 31. Be2 R6e7 32. Rh2 Bf7 33. Rh1 Re6 34. Rh2 R8e7 35. Rh1 Bg6 36. Rh2 Kh6 37. Rh1 Bf5 38. Rh2 g4 39. Rh1 gxf3 40. Bxf3 Be4 41. Rg1 Bxf3 42. Kxf3 Re4 43. Rg2 f5 44. Rd3 Rg4 45. Rc3 Ree4 46. Rd3 Kg6 47. Rdd2 Kf6 48. Rd3 Ke6 49. Rdd2 Kd6 50. Rd3 Kc7 51. Rc3 Re8 52. Rg1 Rb8 53. Rgc1 Kd7 54. R1c2 Rg6 55. Rc1 b6 56. axb6 Rxb6 57. Ra1 Rg8 58. Rca3 Ra8 59. Kf4 Ke6 60. Ra5 Ra7 61. R1a2 Kf6 62. R2a3 Rxb4 63. Rxa6 Rc7 64. Rc3 Rc4 65. Rxc4 dxc4 66. Ra4 Re7 67. Rxc4 Re4+ 68. Kf3 Re6 69. Rc5 Kg6 70. Ra5 Kf6 71. Ra6 Kf7 72. Kf4 Kf6 73. Kf3 Re4 74. Rxc6+ Kf7 75. Rc5 Kf6 76. Rb5 Ke6 77. Rb6+ Kd5 78. Rh6 Kc4 79. Rxh5 Kd3 80. Rxf5 Rxe3+ 81. Kg4 Kxd4 82. Rf4+ Ke5 83. Rf5+ Ke6 84. Rg5 Kf6 85. Kf4 Rc3 86. Rf5+ Kg6 87. Ra5 Rc4+ 88. Kf3 Rc3+ 89. Kg2 Rc4 90. Kh3 Rc3 0-1

[Event "Titled Tuesday 2024.07.30 Late"]
[Site "chess.com INT"]
[Date "2024.07.30"]
[Round "7"]
[White "Mendes, Aaron Reeve"]
[Black "Kochiev, Ivan"]
[Result "1/2-1/2"]
[WhiteElo "2312"]
[BlackElo "2074"]
[PlyCount "104"]
[GameId "2130307540713109"]
[EventDate "2024.07.30"]
[EventType "swiss (blitz)"]
[EventRounds "11"]
[EventCountry "NET"]
[SourceTitle "The Week in Chess 1552"]
[Source "Mark Crowther"]
[SourceDate "2024.08.05"]
[SourceVersion "1"]
[SourceVersionDate "2024.08.05"]
[SourceQuality "2"]

1. e4 c5 2. Nf3 d6 3. Bb5+ Nc6 4. d4 cxd4 5. Nxd4 Bd7 6. Bxc6 bxc6 7. c4 g6 8. Nc3 Bg7 9. O-O Nf6 10. Nde2 O-O 11. Rb1 c5 12. b3 a5 13. Bb2 a4 14. bxa4 Qa5 15. Nd5 Nxd5 16. exd5 Qxa4 17. Bxg7 Qxd1 18. Rfxd1 Kxg7 19. Rb2 Rfb8 20. Rb3 Rxb3 21. axb3 Ra3 22. Nc1 Bf5 23. Re1 Bc2 24. h4 Ra1 25. Kf1 Rb1 26. g4 Bxb3 27. Nxb3 Rxb3 28. Rxe7 Rc3 29. Re4 Rh3 30. g5 h6 31. Kg2 Rc3 32. f3 hxg5 33. hxg5 Rc2+ 34. Kg3 Rc1 35. Kf4 Rc3 36. Kg3 Kf8 37. Kf2 Kg7 38. Ke2 Kf8 39. Rf4 Rc1 40. Kd2 Rg1 41. Rg4 Rxg4 42. fxg4 Ke7 43. Ke3 Kd7 44. Kd3 Kc7 45. Kc3 Kb6 46. Kb3 Ka5 47. Ka3 Kb6 48. Ka4 Ka6 49. Kb3 Ka5 50. Ka3 Kb6 51. Ka4 Ka6 52. Kb3 Ka5 1/2-1/2

[Event "Titled Tuesday 2024.07.30 Late"]
[Site "chess.com INT"]
[Date "2024.07.30"]
[Round "8"]
[White "Sernecki, Franciszek"]
[Black "Mendes, Aaron Reeve"]
[Result "1-0"]
[WhiteElo "2343"]
[BlackElo "2312"]
[PlyCount "103"]
[GameId "2130307540717271"]
[EventDate "2024.07.30"]
[EventType "swiss (blitz)"]
[EventRounds "11"]
[EventCountry "NET"]
[SourceTitle "The Week in Chess 1552"]
[Source "Mark Crowther"]
[SourceDate "2024.08.05"]
[SourceVersion "1"]
[SourceVersionDate "2024.08.05"]
[SourceQuality "2"]

1. e4 c5 2. Nf3 d6 3. d4 cxd4 4. Nxd4 Nf6 5. Nc3 a6 6. h3 e5 7. Nde2 Be6 8. g4 d5 9. exd5 Nxd5 10. Bg2 Nxc3 11. Qxd8+ Kxd8 12. Nxc3 Kc7 13. O-O f6 14. f4 Bc5+ 15. Kh1 Nc6 16. fxe5 Nxe5 17. Bf4 Bd4 18. Rfe1 g5 19. Bg3 h5 20. Ne2 Bxb2 21. Rab1 Ba3 22. Nd4 Bd7 23. Rxb7+ Kc8 24. Rb3 Rb8 25. Rxa3 hxg4 26. Rc3+ Kd8 27. Bxe5 fxe5 28. Nc6+ Bxc6 29. Rxc6 gxh3 30. Be4 g4 31. Kh2 Kd7 32. Rd1+ Ke7 33. Bf5 Rhg8 34. Kg3 Rb7 35. Re6+ Kf7 36. Rxa6 Rg5 37. Rf1 Kg7 38. Be4 Rc7 39. Ra3 Kh6 40. Ra6+ Kg7 41. Kh4 g3 42. Kxg5 g2 43. Bxg2 hxg2 44. Rg1 Rxc2 45. Kf5 Re2 46. Ra3 e4 47. Rg3+ Kf7 48. R3xg2 Re3 49. Rg7+ Ke8 50. Ra7 Kf8 51. Ke6 Rf3 52. Ra8# 1-0

[Event "Titled Tuesday 2024.07.30 Late"]
[Site "chess.com INT"]
[Date "2024.07.30"]
[Round "10"]
[White "Mendes, Aaron Reeve"]
[Black "Voicu, Teodor-Mihnea"]
[Result "1-0"]
[WhiteElo "2312"]
[BlackElo "2145"]
[PlyCount "85"]
[GameId "2130307540721460"]
[EventDate "2024.07.30"]
[EventType "swiss (blitz)"]
[EventRounds "11"]
[EventCountry "NET"]
[SourceTitle "The Week in Chess 1552"]
[Source "Mark Crowther"]
[SourceDate "2024.08.05"]
[SourceVersion "1"]
[SourceVersionDate "2024.08.05"]
[SourceQuality "2"]

1. e4 c5 2. Nf3 d6 3. d4 cxd4 4. Nxd4 Nc6 5. Nxc6 bxc6 6. c4 g6 7. Nc3 Bg7 8. Qc2 Nf6 9. Bd3 O-O 10. b3 Ng4 11. h3 Qa5 12. Bb2 Ne5 13. Be2 Ba6 14. O-O Nd7 15. f4 Qb6+ 16. Kh1 Nc5 17. e5 dxe5 18. fxe5 Ne6 19. Ne4 c5 20. Bg4 Rac8 21. Bxe6 Qxe6 22. Ng5 Qc6 23. Qf2 h6 24. Nf3 Bb7 25. Rae1 Qe6 26. Bc1 g5 27. Nh2 Rfd8 28. Ng4 Rd3 29. Kg1 Rcd8 30. Qxc5 Rg3 31. Re2 h5 32. Ne3 Qxe5 33. Qxe5 Bxe5 34. Nf5 Bd4+ 35. Kh2 Rd3 36. Nxe7+ Kg7 37. Bxg5 Rd7 38. Bh4 Bc5 39. Nf5+ Kg6 40. Re8 Rd2 41. Rg8+ Kh7 42. Rg7+ Kh8 43. Bf6 1-0

[Event "Titled Tuesday 2024.07.30 Early"]
[Site "chess.com INT"]
[Date "2024.07.30"]
[Round "1"]
[White "Mendes, Aaron Reeve"]
[Black "Kleibel, Uwe"]
[Result "1-0"]
[WhiteElo "2312"]
[BlackElo "2301"]
[PlyCount "71"]
[GameId "2130307540725681"]
[EventDate "2024.07.30"]
[EventType "swiss (blitz)"]
[EventRounds "11"]
[EventCountry "NET"]
[SourceTitle "The Week in Chess 1552"]
[Source "Mark Crowther"]
[SourceDate "2024.08.05"]
[SourceVersion "1"]
[SourceVersionDate "2024.08.05"]
[SourceQuality "2"]

1. e4 c6 2. Nf3 d5 3. Nc3 dxe4 4. Nxe4 Nf6 5. Qe2 Nxe4 6. Qxe4 Nd7 7. Bc4 Nf6 8. Ne5 e6 9. Qe2 b5 10. Nxc6 Qc7 11. Bxb5 Bd7 12. Nd4 a6 13. Bxd7+ Qxd7 14. c3 Bc5 15. Nf3 O-O 16. d4 Bd6 17. O-O Rab8 18. b3 a5 19. Bb2 Nd5 20. c4 Nf4 21. Qe3 a4 22. Ne5 Bxe5 23. dxe5 Ng6 24. Bd4 Qc6 25. Rfd1 Rfc8 26. g3 h5 27. h4 Rb7 28. Bb2 Ne7 29. Rd6 Qc7 30. Rad1 Nf5 31. Qg5 g6 32. Rd8+ Rxd8 33. Rxd8+ Kh7 34. Qf6 Ng7 35. Bc1 axb3 36. Bh6 1-0

[Event "Titled Tuesday 2024.07.30 Early"]
[Site "chess.com INT"]
[Date "2024.07.30"]
[Round "2"]
[White "Mendes, Aaron Reeve"]
[Black "Kollars, Dmitrij"]
[Result "0-1"]
[WhiteElo "2312"]
[BlackElo "2656"]
[PlyCount "50"]
[GameId "2130307540725793"]
[EventDate "2024.07.30"]
[EventType "swiss (blitz)"]
[EventRounds "11"]
[EventCountry "NET"]
[SourceTitle "The Week in Chess 1552"]
[Source "Mark Crowther"]
[SourceDate "2024.08.05"]
[SourceVersion "1"]
[SourceVersionDate "2024.08.05"]
[SourceQuality "2"]

1. e4 c5 2. Nf3 d6 3. Bb5+ Nd7 4. d4 cxd4 5. Nxd4 Ngf6 6. O-O a6 7. Bd3 Nc5 8. Nc3 e6 9. Re1 Be7 10. b4 Nxd3 11. cxd3 O-O 12. Bb2 Bd7 13. a3 Rc8 14. Nb3 Qb6 15. d4 Rc4 16. e5 dxe5 17. dxe5 Ng4 18. Qe2 Rfc8 19. Rac1 Bg5 20. Rc2 Rf4 21. Nc5 Rxf2 22. Qd1 Rxc2 23. Qxc2 Rxc5 24. bxc5 Qxc5+ 25. Kf1 Bb5+ 0-1

[Event "Titled Tuesday 2024.07.30 Early"]
[Site "chess.com INT"]
[Date "2024.07.30"]
[Round "4"]
[White "Mendes, Aaron Reeve"]
[Black "Bajaj, Prakhar"]
[Result "0-1"]
[WhiteElo "2312"]
[BlackElo "2232"]
[PlyCount "64"]
[GameId "2130307540734174"]
[EventDate "2024.07.30"]
[EventType "swiss (blitz)"]
[EventRounds "11"]
[EventCountry "NET"]
[SourceTitle "The Week in Chess 1552"]
[Source "Mark Crowther"]
[SourceDate "2024.08.05"]
[SourceVersion "1"]
[SourceVersionDate "2024.08.05"]
[SourceQuality "2"]

1. Nf3 Nf6 2. b3 d5 3. Bb2 Bf5 4. e3 e6 5. c4 c6 6. Nc3 h6 7. Be2 Be7 8. O-O O-O 9. Rc1 Na6 10. a3 Nc7 11. b4 a5 12. c5 axb4 13. axb4 Na6 14. Qb3 b6 15. d4 Qb8 16. Ne5 Rc8 17. Bxa6 Rxa6 18. Ne2 Ne4 19. f3 Nd2 20. Qc3 Nxf1 21. Kxf1 Ra4 22. Nd7 Qxh2 23. Nxb6 Bh4 24. Nxa4 g5 25. Nb6 Bh3 26. Nf4 gxf4 27. Qd2 fxe3 28. Qc2 Bf5 29. Qc3 Qh1+ 30. Ke2 Qxg2+ 31. Kxe3 Qf2+ 32. Kf4 Bg3# 0-1

[Event "Titled Tuesday 2024.07.30 Early"]
[Site "chess.com INT"]
[Date "2024.07.30"]
[Round "7"]
[White "Lianes Garcia, Marcos"]
[Black "Mendes, Aaron Reeve"]
[Result "1-0"]
[WhiteElo "2405"]
[BlackElo "2312"]
[PlyCount "75"]
[GameId "2130307540742618"]
[EventDate "2024.07.30"]
[EventType "swiss (blitz)"]
[EventRounds "11"]
[EventCountry "NET"]
[SourceTitle "The Week in Chess 1552"]
[Source "Mark Crowther"]
[SourceDate "2024.08.05"]
[SourceVersion "1"]
[SourceVersionDate "2024.08.05"]
[SourceQuality "2"]

1. e4 c5 2. g3 d5 3. exd5 Qxd5 4. Nf3 e5 5. Bg2 e4 6. Nc3 Qf5 7. Qe2 Nf6 8. d3 Nc6 9. dxe4 Qh5 10. Nd5 Bg4 11. h3 Bxf3 12. Bxf3 Qe5 13. c3 Bd6 14. Bf4 Qe6 15. Bxd6 Qxd6 16. O-O-O Qe5 17. Bg2 O-O-O 18. f4 Qe8 19. e5 Nxd5 20. Bxd5 f6 21. e6 Ne7 22. Be4 Qa4 23. Kb1 g6 24. Bc2 Qc6 25. g4 Kc7 26. f5 g5 27. a4 a6 28. a5 Kb8 29. h4 h6 30. hxg5 hxg5 31. Rxh8 Rxh8 32. Rd7 Rh1+ 33. Ka2 Nd5 34. Qe4 Rc1 35. Qxd5 Qb5 36. Qb3 Qxa5+ 37. Qa4 Qb6 38. e7 1-0

[Event "Titled Tuesday 2024.07.30 Early"]
[Site "chess.com INT"]
[Date "2024.07.30"]
[Round "8"]
[White "Radhakrishnan, Sharath"]
[Black "Mendes, Aaron Reeve"]
[Result "1/2-1/2"]
[WhiteElo "2033"]
[BlackElo "2312"]
[PlyCount "159"]
[GameId "2130307540746800"]
[EventDate "2024.07.30"]
[EventType "swiss (blitz)"]
[EventRounds "11"]
[EventCountry "NET"]
[SourceTitle "The Week in Chess 1552"]
[Source "Mark Crowther"]
[SourceDate "2024.08.05"]
[SourceVersion "1"]
[SourceVersionDate "2024.08.05"]
[SourceQuality "2"]

1. e4 c5 2. Nf3 d6 3. d4 cxd4 4. Nxd4 Nf6 5. Nc3 a6 6. Be3 e5 7. Nb3 Be6 8. f3 Be7 9. Qd2 h5 10. Nd5 Bxd5 11. exd5 Nbd7 12. O-O-O Rc8 13. Kb1 Nb6 14. Bf2 Nbxd5 15. Bh4 Qc7 16. c4 Nf4 17. Bxf6 Bxf6 18. Qxd6 Be7 19. Qxc7 Rxc7 20. g3 Ne6 21. Bh3 Ng5 22. Bg2 O-O 23. h4 Ne6 24. Rhe1 Bf6 25. Bh3 Rxc4 26. Bxe6 fxe6 27. Rd7 Rf7 28. Rxf7 Kxf7 29. Nd2 Rd4 30. Ne4 Be7 31. Rc1 Rd7 32. Rc8 Rd3 33. Rc7 Kf8 34. Rxb7 Rxf3 35. Rb8+ Kf7 36. Rb7 Ke8 37. Rb8+ Kd7 38. Rb7+ Kd8 39. Rb8+ Kc7 40. Ra8 Re3 41. Ra7+ Kd8 42. Ng5 Bxg5 43. hxg5 Rxg3 44. Rxg7 e4 45. Kc2 Ke8 46. g6 h4 47. Rh7 h3 48. Rh8+ Ke7 49. g7 Rg2+ 50. Kc3 Kf7 51. Rxh3 Kxg7 52. Re3 Rg4 53. Kd4 Rg2 54. Kc3 Rg4 55. Kd4 Kf6 56. Rxe4 e5+ 57. Kd3 Rg2 58. Re2 Rg3+ 59. Re3 Rg8 60. Re1 Rd8+ 61. Ke3 Ke6 62. Rh1 a5 63. Rh6+ Kf5 64. Rh5+ Kf6 65. Rh6+ Kg5 66. Ra6 Rd5 67. Ke4 Rb5 68. Re6 Rb4+ 69. Kxe5 Rxb2 70. Ra6 Rxa2 71. Kd4 Kf5 72. Kc3 Ke5 73. Kb3 Ra1 74. Kb2 Ra4 75. Kb3 Rb4+ 76. Ka3 Rb5 77. Ka4 Rb1 78. Rxa5+ Kd4 79. Rh5 Kc3 80. Rh3+ 1/2-1/2

[Event "Titled Tuesday 2024.07.30 Early"]
[Site "chess.com INT"]
[Date "2024.07.30"]
[Round "11"]
[White "Mendes, Aaron Reeve"]
[Black "Jammalamadaka, Vihaan"]
[Result "1-0"]
[WhiteElo "2312"]
[BlackElo "2014"]
[PlyCount "63"]
[GameId "2130307540755185"]
[EventDate "2024.07.30"]
[EventType "swiss (blitz)"]
[EventRounds "11"]
[EventCountry "NET"]
[SourceTitle "The Week in Chess 1552"]
[Source "Mark Crowther"]
[SourceDate "2024.08.05"]
[SourceVersion "1"]
[SourceVersionDate "2024.08.05"]
[SourceQuality "2"]

1. e4 d5 2. exd5 Qxd5 3. Nc3 Qa5 4. Rb1 Nf6 5. b4 Qb6 6. a4 c6 7. Bc4 g6 8. Nf3 Bg7 9. O-O O-O 10. h3 Qd8 11. d3 Nbd7 12. a5 Ne8 13. Ne4 Nd6 14. Nxd6 exd6 15. Bf4 d5 16. Bb3 Re8 17. c4 Nf6 18. Re1 Bf5 19. c5 d4 20. Rxe8+ Nxe8 21. Ng5 Be6 22. Nxe6 fxe6 23. Qg4 Kh8 24. Qxe6 Nf6 25. Bd6 b6 26. Be7 Qd7 27. Bxf6 Qxe6 28. Bxg7+ Kxg7 29. Bxe6 Re8 30. Bd7 Re5 31. cxb6 axb6 32. a6 1-0

[Event "Titled Tuesday 2024.07.23 Late"]
[Site "chess.com INT"]
[Date "2024.07.23"]
[Round "3"]
[White "Aadit, Bhatia"]
[Black "Mendes, Aaron Reeve"]
[Result "0-1"]
[WhiteElo "2109"]
[BlackElo "2312"]
[PlyCount "82"]
[GameId "2130307541134027"]
[EventDate "2024.07.23"]
[EventType "swiss (blitz)"]
[EventRounds "11"]
[EventCountry "NET"]
[SourceTitle "The Week in Chess 1551"]
[Source "Mark Crowther"]
[SourceDate "2024.07.29"]
[SourceVersion "1"]
[SourceVersionDate "2024.07.29"]
[SourceQuality "2"]

1. d4 d5 2. Nf3 Nf6 3. Bf4 c5 4. e3 e6 5. Nbd2 Bd6 6. Bg3 Nc6 7. c3 O-O 8. Bb5 Qc7 9. Bh4 Ne4 10. Nxe4 dxe4 11. Nd2 f5 12. Bg3 a6 13. Ba4 b5 14. Bc2 cxd4 15. exd4 Qd8 16. Bxd6 Qxd6 17. a4 Bb7 18. Qe2 e5 19. axb5 axb5 20. Rxa8 Rxa8 21. Qxb5 Ra1+ 22. Bb1 Ba6 23. Qb3+ Kf8 24. d5 Na5 25. Qb4 Qxb4 26. cxb4 Nc4 27. Kd1 Nxd2 28. Kxd2 Bd3 29. b5 Bxb5 30. Rc1 Ke7 31. Rc5 Bd7 32. Bc2 Kd6 33. b4 Rh1 34. h3 Rh2 35. Ke3 Rxg2 36. Ra5 g6 37. Ra6+ Kc7 38. Bb3 Rh2 39. Bc4 Rxh3+ 40. Ke2 Rc3 41. d6+ Kb7 0-1

[Event "Titled Tuesday 2024.07.23 Late"]
[Site "chess.com INT"]
[Date "2024.07.23"]
[Round "4"]
[White "Mendes, Aaron Reeve"]
[Black "Hovakimyan, Vache"]
[Result "0-1"]
[WhiteElo "2312"]
[BlackElo "2167"]
[PlyCount "122"]
[GameId "2130307541138231"]
[EventDate "2024.07.23"]
[EventType "swiss (blitz)"]
[EventRounds "11"]
[EventCountry "NET"]
[SourceTitle "The Week in Chess 1551"]
[Source "Mark Crowther"]
[SourceDate "2024.07.29"]
[SourceVersion "1"]
[SourceVersionDate "2024.07.29"]
[SourceQuality "2"]

1. Nf3 Nf6 2. b3 d5 3. Bb2 Nbd7 4. e3 e6 5. c4 Be7 6. Be2 O-O 7. O-O c6 8. d3 Bd6 9. cxd5 exd5 10. Nbd2 Qe7 11. Qc2 a5 12. e4 dxe4 13. dxe4 Ne5 14. Nxe5 Bxe5 15. Bxe5 Qxe5 16. Bd3 Be6 17. Nf3 Qc7 18. e5 Ng4 19. Bxh7+ Kh8 20. Qe4 g6 21. Rae1 Bf5 22. Qf4 Kxh7 23. Ng5+ Kg7 24. h3 Nh6 25. Re3 Rae8 26. g4 Bc8 27. Qf6+ Kg8 28. Ne4 Re6 29. Qg5 Kg7 30. Nf6 Ng8 31. Nh5+ Kh7 32. Nf6+ Nxf6 33. exf6 Rh8 34. Rxe6 Bxe6 35. Rd1 Kg8 36. Rd3 b5 37. Qd2 Kh7 38. Qg5 a4 39. bxa4 bxa4 40. a3 c5 41. h4 c4 42. Rd1 Rd8 43. Re1 Rd5 44. Qe3 Qc5 45. Qf3 Rd3 46. Qf4 Rd4 47. Re4 Rxe4 48. Qxe4 Qd5 49. Qe2 c3 50. h5 Qd4 51. hxg6+ Kxg6 52. g5 Kxg5 53. Qf3 Qg4+ 54. Qg2 Qxg2+ 55. Kxg2 c2 56. f4+ Kxf6 57. Kg3 Bd5 58. f5 c1=Q 59. Kg4 Qg1+ 60. Kh3 Kxf5 61. Kh4 Qg4# 0-1

[Event "Titled Tuesday 2024.07.23 Late"]
[Site "chess.com INT"]
[Date "2024.07.23"]
[Round "7"]
[White "Kandil, Ahmed"]
[Black "Mendes, Aaron Reeve"]
[Result "1-0"]
[WhiteElo "2127"]
[BlackElo "2312"]
[PlyCount "63"]
[GameId "2130307541146589"]
[EventDate "2024.07.23"]
[EventType "swiss (blitz)"]
[EventRounds "11"]
[EventCountry "NET"]
[SourceTitle "The Week in Chess 1551"]
[Source "Mark Crowther"]
[SourceDate "2024.07.29"]
[SourceVersion "1"]
[SourceVersionDate "2024.07.29"]
[SourceQuality "2"]

1. e4 c5 2. Nf3 d6 3. d4 cxd4 4. Nxd4 Nf6 5. Nc3 a6 6. Bg5 e6 7. f4 Be7 8. Qf3 Qc7 9. O-O-O Nbd7 10. g4 h6 11. Bxf6 Bxf6 12. h4 Nb6 13. g5 Bxd4 14. Rxd4 Qc5 15. Qd3 hxg5 16. b4 Qc7 17. fxg5 Nd7 18. Rxd6 Ne5 19. Qd4 f6 20. gxf6 gxf6 21. Bh3 Ke7 22. Rd1 Rxh4 23. Qf2 Rxh3 24. Nd5+ exd5 25. Qxf6+ Ke8 26. Qxe5+ Qe7 27. Qxd5 Bg4 28. Qg8+ Qf8 29. Rd8+ Rxd8 30. Rxd8+ Kxd8 31. Qxf8+ Kc7 32. Qf4+ 1-0

[Event "Titled Tuesday 2024.07.23 Late"]
[Site "chess.com INT"]
[Date "2024.07.23"]
[Round "8"]
[White "Mendes, Aaron Reeve"]
[Black "Martin, Sam B"]
[Result "1-0"]
[WhiteElo "2312"]
[BlackElo "1970"]
[PlyCount "99"]
[GameId "2130307541146650"]
[EventDate "2024.07.23"]
[EventType "swiss (blitz)"]
[EventRounds "11"]
[EventCountry "NET"]
[SourceTitle "The Week in Chess 1551"]
[Source "Mark Crowther"]
[SourceDate "2024.07.29"]
[SourceVersion "1"]
[SourceVersionDate "2024.07.29"]
[SourceQuality "2"]

1. Nf3 Nf6 2. e3 d5 3. b3 Bg4 4. Bb2 e6 5. Be2 Nbd7 6. h3 Bxf3 7. Bxf3 Bd6 8. c4 c6 9. O-O O-O 10. Nc3 a5 11. d4 Qe7 12. e4 dxe4 13. Nxe4 Ba3 14. Qc2 Bxb2 15. Qxb2 Rfd8 16. a3 Nxe4 17. Bxe4 Nf6 18. Bf3 Qc7 19. Rfd1 h6 20. b4 axb4 21. axb4 Rxa1 22. Qxa1 Qf4 23. Qc3 Ne4 24. Qe3 Qxe3 25. fxe3 Nd6 26. Rc1 Ra8 27. b5 cxb5 28. c5 Nc4 29. Bxb7 Rf8 30. c6 Nd6 31. c7 Nxb7 32. c8=Q Rxc8 33. Rxc8+ Kh7 34. Rb8 Nd6 35. Kf1 Kg6 36. Ke2 h5 37. Rb6 Ne4 38. Kd3 Nf2+ 39. Kc2 h4 40. Rxb5 Kf6 41. Kd2 g5 42. Ke2 Ne4 43. Kf3 Nd6 44. Rc5 Nf5 45. d5 exd5 46. Rxd5 Kg6 47. e4 Ne7 48. Rd6+ Kg7 49. Kg4 f6 50. e5 1-0